|
|
|
|
| LEADER |
01362nam a2200229 i 4500 |
| 001 |
GR-MES6835 |
| 003 |
GR-PaULI |
| 005 |
20250116124503.0 |
| 008 |
000412s1986 gr a g 000 0 gre d |
| 040 |
|
|
|a GrPaTEI
|b gre
|c GR-PaULI
|e AACR2
|
| 082 |
0 |
4 |
|2 23
|a 336.271 4
|
| 100 |
1 |
|
|a Τραχανάς, Κωνσταντίνος Δ.
|e συγγραφέας.
|9 11508
|
| 245 |
1 |
3 |
|a Οι επιπτώσεις του φόρου προστιθέμενης αξίας :
|b στην επιχείρηση, στα φορολογικά έσοδα, στο πληθωρισμό, στην ανταγωνιστικότητα /
|c Κώστα Δ. Τραχανά.
|
| 260 |
|
|
|a Αθήνα :
|b Σμπίλιας,
|c 1986.
|
| 300 |
|
|
|a 218 σελ. :
|b εικ. ;
|c 24 εκ.
|
| 504 |
|
|
|a Περιλαμβάνει βιβλιογραφία σελ.(216-218)
|
| 650 |
|
4 |
|a Φόρος προστιθέμενης αξίας
|9 20683
|
| 942 |
|
|
|2 ddc
|c BK
|
| 952 |
|
|
|0 0
|1 4
|2 ddc
|4 0
|6 336_271000000000000_4_ΤΡΑ
|7 0
|9 277168
|a MSLG
|b MSLG
|c BSC
|d 2021-01-17
|e 24
|f 0
|g 0.00
|i 1961
|l 0
|o 336.271 4 ΤΡΑ
|p 2420000001961
|r 2021-01-17 00:00:00
|t 2
|w 2021-01-17
|y BK15
|x 20000412 0 1
|x GrPaTEI
|
| 952 |
|
|
|0 0
|1 0
|2 ddc
|4 0
|6 336_271000000000000_4_ΤΡΑ
|7 0
|9 386303
|a MSLG
|b MSLG
|c BSC
|d 2025-01-16
|i 1962
|l 0
|o 336.271 4 ΤΡΑ
|p 2420000001962
|r 2025-01-16 12:46:01
|t 1
|w 2025-01-16
|y BK15
|
| 998 |
|
|
|c ΒΑΣΙΛΕΙΟΥ
|d 2025-01
|
| 999 |
|
|
|c 160998
|d 160998
|